Score 0/20 Timer 05:00
6 Plays Today
% Correct
Correct! That's President George H. W. Bush
94.6%
Correct! That's President Franklin Roosevelt
94.5%
Correct! That's Vice President Dick Cheney
94.2%
Correct! That's President Jimmy Carter
93.7%
Correct! That's Vice President Walter Mondale
93.7%
Correct! That's President Thomas Jefferson
89.2%
Correct! That's Vice President Dan Quayle
88.8%
Correct! That's Vice President John Breckinridge
87.6%
Correct! That's Vice President Spiro Agnew
84.1%
Correct! That's President Warren Harding
81.8%
% Correct
Correct! That's Vice President Schuyler Colfax
78.7%
Correct! That's Vice President Thomas Hendricks
77.8%
Correct! That's Vice President Daniel Tompkins
76.4%
Correct! That's President Herbert Hoover
74.5%
Correct! That's President James Buchanan
73.1%
Correct! That's President Andrew Johnson
71.9%
Correct! That's President Chester A. Arthur
70.1%
Correct! That's President John Tyler
60.6%
Correct! That's Vice President John Calhoun
45.7%
Correct! That's Founding Father Alexander Hamilton
35.9%
Remove Ads.
Support Sporcle.
Get the best of Sporcle when you Go Orange. This ad-free experience offers more features, more stats, and more fun while also helping to support Sporcle. Thank you for becoming a member.

You're not logged in!

Compare scores with friends on all Sporcle quizzes.
OR
Log In

Show Comments

Extras

Top Quizzes Today


Score Distribution

Your Account Isn't Verified!

In order to create a playlist on Sporcle, you need to verify the email address you used during registration. Go to your Sporcle Settings to finish the process.

Report this User

Report this user for behavior that violates our Community Guidelines.

Details: